Finnish monetary and foreign exchange policy on the way towards the Euro

Pripravenosť fínskej ekonomiky na integráciu. Hospodárska a banková kríza v 90-tych rokoch. Plávajúci kurz fínskej marky. Menová politika a zmeny v bankovom systéme. Členstvo v ERM (mechanizme výmenných kurzov).

Enregistré dans:
Détails bibliographiques
Auteur principal: Korhonen, Tapio
Format: Chapitre de livre
Langue:anglais
Sujets:
Tags: Ajouter un tag
Pas de tags, Soyez le premier à ajouter un tag!

MARC

LEADER 00000naa$a2200000$$$4500
001 0001678
005 20231004102613.9
041 0 |a eng 
044 |a CZ 
245 1 0 |a Finnish monetary and foreign exchange policy on the way towards the Euro  |c aut. Tapio Korhonen 
520 |a Pripravenosť fínskej ekonomiky na integráciu. Hospodárska a banková kríza v 90-tych rokoch. Plávajúci kurz fínskej marky. Menová politika a zmeny v bankovom systéme. Členstvo v ERM (mechanizme výmenných kurzov). 
610 2 0 |a Európska únia 
610 2 0 |a integrácia ekonomická medzinárodná 
610 2 0 |a integrácia menová 
610 2 0 |a Fínsko 
610 2 0 |a politika devízová 
610 2 0 |a politika menová 
610 2 0 |a euro 
610 2 0 |a kríza banková 
610 2 0 |a kurz výmenný pohyblivý 
610 2 0 |a Európska menová únia 
610 2 0 |a ERM 
100 1 |a Korhonen, Tapio